000 00662nam a22002417a 4500
003 UA-OsUOA
001 48529
007 ta
008 20070907b un ||||| |||| 00| 0 ukr d
100 _aВласенко В.О.
700 _aКлименко І.Т.
090 _a82
_bВ58
942 _cBK
040 _aUA-OsUOA
_bukr
_cUA-OsUOA
_dUA-OsUOA
245 _aХудожня майстерність Панаса Мирного
300 _a147 с.
955 _a2
041 _aukr
080 _a82
260 _aДніпропетровськ
_c1974
650 7 _a82 Література. Літературознавство
_2UDC
999 _c334630
_d334630